000 00413nam a22001697a 4500
003 CEME
005 20210628205229.0
008 210216b xxu||||| |||| 00| 0 eng d
020 _a81-7446-025-X
040 _c.
082 _a658 ARM'H
100 _aArmstrong, Michael
_974495
245 _aA handbook of management techniques
260 _aNEWDELHI
_bEXCEL BOOKS
_c1995
300 _a617P
942 _cBK
_2ddc
999 _c580018
_d580018